| 000 | 00349cam a22001337a 4500 | ||
|---|---|---|---|
| 008 | 180718b1961 xxu||||| |||| 00| 0 eng d | ||
| 082 | _aQ8 R659 | ||
| 100 | _aRolph, C.H. | ||
| 245 |
_aCommon sense about crime and punishment _cby C.H. Rolph |
||
| 260 |
_aLondon _bVictor Gollancz _c1961 |
||
| 300 | _a175p. | ||
| 650 | _aPunishment | ||
| 650 | _aCrime | ||
| 999 |
_c433552 _d433552 |
||